000 00732nam a22002177a 4500
008 160204b xxu||||| |||| 00| 0 eng d
020 _a061846770X
082 _22006
_aDK12 378.198
_bEl47
100 _92445
_aEllis, Dave.
245 _aBecoming a master student /
_bDave Ellis.
250 _aEleventh edition.
260 _aBoston :
_b Houghton Mifflin,
_cc2006.
300 _axiii, 414 pages :
_billustrations (some color) ;
_c28 cm.
500 _aIncludes index.
650 0 _92800
_aCollege student orientation
650 0 _92801
_aStudy skills
700 _92802
_aToft, Doug
_eContributing Editor
700 _92803
_aMancina, Dean
_eFaculty Advisor
700 _92804
_aMcMurray, Eldon L.
_eFaculty Advisor
942 _2ddc
_cDC
999 _c918
_d918